|
003 -Nazwa inst., której nr kontr. jest w polu 001 [,]
|
-
- @
- Nazwa instytucji, której n kontrolny jest w polu 001
- NUKAT
|
|
005 -DATA I CZAS OSTATNIEJ MODYFIKACJI [,]
|
-
- @
- pole kontrolne
- 20241231092142.0
|
|
020 -Międzynarod. znormalizowany nr książki - ISBN [ , ]
|
-
- a
- Numer ISBN
- 3540526846
-
- q
- Dopowiedzenie
- (Berlin ...)
|
|
020 -Międzynarod. znormalizowany nr książki - ISBN [ , ]
|
-
- a
- Numer ISBN
- 0387526846
-
- q
- Dopowiedzenie
- (New York ...)
|
|
040 -Instytucja sporządzająca opis [ , ]
|
-
- a
- Instytucja, która sporządziła opis (NP)
- NUKAT
-
- b
- Język katalogowania
- pol
-
- e
- Zasady katalogowania
- rda
-
- c
- Instytucja, która sporządziła rekord (NP)
- KR U/BE/JK
-
- d
- Instytucja, która zmodyfikowała rekord (P)
- KR U/maj
-
- d
- Instytucja, która zmodyfikowała rekord (P)
- KR U/JJo
-
- d
- Instytucja, która zmodyfikowała rekord (P)
- SZCZ U/ABs
-
- d
- Instytucja, która zmodyfikowała rekord (P)
- SZCZ U/JS
|
|
044 -Kraj miejsca wydania [ , ]
|
-
- a
- Kraj miejsca wydania
- Niemcy
-
- a
- Kraj miejsca wydania
- Stany Zjednoczone po 1988
-
- a
- Kraj miejsca wydania
- Wielka Brytania po 1988
-
- a
- Kraj miejsca wydania
- Francja
-
- a
- Kraj miejsca wydania
- Japonia
-
- a
- Kraj miejsca wydania
- Chiny
-
- a
- Kraj miejsca wydania
- Hiszpania
|
|
942 -Rodzaj dokumentu [ , ]
|
-
- c
- Rodzaj dokumentu
- Książka
|
|
245 -Strefa tytułu i oznaczenia odpowiedzialności [0,0]
|
-
- a
- Tytuł
- Lexikon der Wirtschaftsinformatik /
-
- c
- Pozostałe elementy strefy tytułu i oznaczenia odpowiedzialności (NP)
- Hauptherausgeber: Peter Mertens ; Herausgeber: Wolfgang König, Hermann Krallmann, August-Wilhelm Scheer, Dietrich Seibt, Peter Stahlknecht, Horst Strunz, Rainer Thome, Hartmut Wedekind.
|
|
250 -Strefa wydania [ , ]
|
-
- a
- Oznaczenie wydania (NP)
- Zweite, vollständig neu bearbeitete und erweiterte Auflage.
|
|
260 -Strefa adresu wydawniczego [ , ]
|
-
- a
- Miejsce wydania (P)
- Berlin ;
-
- a
- Miejsce wydania (P)
- Heidelberg ;
-
- a
- Miejsce wydania (P)
- New York ;
-
- a
- Miejsce wydania (P)
- London ;
-
- a
- Miejsce wydania (P)
- Paris ;
-
- a
- Miejsce wydania (P)
- Tokyo ;
-
- a
- Miejsce wydania (P)
- Hong Kong ;
-
- a
- Miejsce wydania (P)
- Barcelona :
-
- b
- Nazwa wydawcy (P)
- Springer-Verlag,
-
|
|
700 -Hasło dodatkowe - nazwa osobowa [1, ]
|
-
- a
- Nazwa osobowa (NP)
- Mertens, Peter.
-
- e
- Określenie rodzaju współpracy
- Redakcja
-
|
|
700 -Hasło dodatkowe - nazwa osobowa [1, ]
|
-
- a
- Nazwa osobowa (NP)
- König, Wolfgang
-
- d
- Daty biograficzne (NP)
- (1949- ).
-
- e
- Określenie rodzaju współpracy
- Redakcja
-
|
|
700 -Hasło dodatkowe - nazwa osobowa [1, ]
|
-
- a
- Nazwa osobowa (NP)
- Krallmann, Hermann.
-
- e
- Określenie rodzaju współpracy
- Redakcja
-
|
|
700 -Hasło dodatkowe - nazwa osobowa [1, ]
|
-
- a
- Nazwa osobowa (NP)
- Scheer, August-Wilhelm
-
- d
- Daty biograficzne (NP)
- (1941- ).
-
- e
- Określenie rodzaju współpracy
- Redakcja
-
|
|
700 -Hasło dodatkowe - nazwa osobowa [1, ]
|
-
- a
- Nazwa osobowa (NP)
- Seibt, Dietrich.
-
- e
- Określenie rodzaju współpracy
- Redakcja
-
|
|
700 -Hasło dodatkowe - nazwa osobowa [1, ]
|
-
- a
- Nazwa osobowa (NP)
- Stahlknecht, Peter.
-
- e
- Określenie rodzaju współpracy
- Redakcja
-
|
|
700 -Hasło dodatkowe - nazwa osobowa [1, ]
|
-
- a
- Nazwa osobowa (NP)
- Strunz, Horst.
-
- e
- Określenie rodzaju współpracy
- Redakcja
-
|
|
700 -Hasło dodatkowe - nazwa osobowa [1, ]
|
-
- a
- Nazwa osobowa (NP)
- Thome, Rainer
-
- d
- Daty biograficzne (NP)
- (1948- ).
-
- e
- Określenie rodzaju współpracy
- Redakcja
-
|
|
700 -Hasło dodatkowe - nazwa osobowa [1, ]
|
-
- a
- Nazwa osobowa (NP)
- Wedekind, Hartmut
-
- d
- Daty biograficzne (NP)
- (1935- ).
-
- e
- Określenie rodzaju współpracy
- Redakcja
-
|
|
710 -Hasło dodatkowe - nazwa ciała zbiorowego [2, ]
|
-
- a
- Nazwa ciała zbiorowego lub nazwa geograficzna jako pierwszy element (NP)
- Springer-Verlag (Berlin).
-
- e
- Rodzaj współpracy
- Wydawca
-
-
|